| 000 | 00452nam a2200109Ia 4500 | ||
|---|---|---|---|
| 008 | 220615s9999||||xx |||||||||||||| ||und|| | ||
| 245 | 0 |
_aChapter 10 Designing for Mental Health _bPsychiatry, Psychology and the Architectural Study Project |
|
| 546 | _aEnglish[eng] | ||
| 650 | _amental health; psychiatry; psychology; architectural study; project | ||
| 856 | _uhttps://library.oapen.org/bitstream/20.500.12657/48389/1/Bookshelf_NBK538043.pdf | ||
| 942 | _cEB | ||
| 999 |
_c19157 _d19157 |
||